00271nam a2200109Ia 4500008004100000041000800041082002600049100001700075245002500092260003500117300000900152230411s9999 xx 000 0 und d aeng aMS/616.028/PAR/B07477 aParson Polly aCritical Care Secret bMosby ElsevieraSt Louisc2007 a610p